| 000 | 00600cab a22001935a 4500 | ||
|---|---|---|---|
| 001 | L157954 | ||
| 008 | 130830e20130810xxk 000 0 eng d | ||
| 035 | _a(Sirsi) u157954 | ||
| 041 | 0 | _aeng | |
| 100 | 1 | _aAllen, Tim | |
| 245 | 0 | 0 | _aChallenging a secure tenancy |
| 260 | _c2013 | ||
| 490 |
_aEstates Gazette _v(1332) 10 August 2013, 52-53(2) |
||
| 520 | _aExplains one ground on which a landlord may defeat an application for a new lease from a tenant with the benefit of security of tenure. | ||
| 590 | _aKA | ||
| 651 | 4 | _aUnited Kingdom | |
| 690 |
_aLandlord and tenant _96252 |
||
| 942 | _n0 | ||
| 999 |
_c84507 _d84507 |
||